000 00644cam a22002293a 4500
001 34007
003 PGUSA
005 20140828083732.0
008 100927s2010||||xxu|||||s|||||000 | eng d
040 _aPGUSA
_beng
042 _adc
050 4 _aHE
100 1 _aMelville, Frederick John,
_d1882-1940
245 1 4 _aThe Postage Stamp in War
_h[electronic resource] /
_cFrederick John Melville
260 _bProject Gutenberg,
_c2010
506 _aPublic domain in the USA.
516 _aElectronic text
653 _aPostage stamps
830 0 _aProject Gutenberg
_v34007
856 4 0 _uhttp://www.gutenberg.org/ebooks/34007
942 _cEB
999 _c263262
_d263262